| 000 | 00476nam a2200205Ia 4500 | ||
|---|---|---|---|
| 003 | OSt | ||
| 005 | 20230531120252.0 | ||
| 008 | 210423s1995 xx 000 0 und d | ||
| 040 | _cAL | ||
| 041 | _aeng | ||
| 082 |
_a000 _223 _bNYLA |
||
| 100 |
_aNYLOGRIP _9117870 |
||
| 245 | _aArt of two wheeler maintenance | ||
| 260 | _c1995 | ||
| 300 |
_a34 _bPB |
||
| 365 | _cINR | ||
| 650 |
_aGeneral _9117871 |
||
| 906 | _aart ; maintenance. ; two ; wheeler | ||
| 942 |
_2ddc _cBK |
||
| 999 |
_c174624 _d174624 |
||